| 000 | 00460nam a2200193Ia 4500 | ||
|---|---|---|---|
| 005 | 20250603144709.0 | ||
| 008 | 250603s9999 xx 000 0 und d | ||
| 020 | _a978-007-108900-5 | ||
| 050 | _aQA 76.9 .C643 H36/ | ||
| 100 | _aHamacher, Carl | ||
| 245 | 0 | _aComputer organization and embedded systems | |
| 250 | _a6th ed. | ||
| 260 | _aNew York | ||
| 260 | _bMc Graw-Hill | ||
| 260 | _c2012 | ||
| 300 | _a710 p | ||
| 650 | _aNew York | ||
| 942 | _cBK | ||
| 999 |
_c39684 _d39684 |
||